| 000 | 00804cam a22001935a 4500 | ||
|---|---|---|---|
| 001 | L141185 | ||
| 008 | 071102s1846 xxk eng u | ||
| 035 | _a(Sirsi) u141185 | ||
| 041 | 0 | _aeng | |
| 110 | 2 |
_aShuttleworth and Sons _95436 |
|
| 245 | 0 | 0 | _aParticulars of a freehold country residence very desirably situate in Bruce Grove in the parish of Tottenham High Cross and county of Middlesex...which will be sold by auction by Messrs. Shuttleworth and Sons at the Mart, opposite the Bank of England, on Friday November 27, 1846 at twelve o'clock... |
| 260 |
_aS.l. _bs.n. _c[1846] |
||
| 300 |
_a2 leaves _c37 x 23 cm. |
||
| 340 | _aPrinted | ||
| 351 | _cSingle item | ||
| 651 | 4 | _aLondon | |
| 690 | _aPROPERTY-PROPERTY ACQUISITION AND DISPOSAL-ACQUISITION AND DISPOSAL AT AUCTION | ||
| 942 | _n0 | ||
| 999 |
_c116650 _d116650 |
||